00458pab a2200157 454500008004000000100002200040245008800062260000900150300001500159362000800174650001100182650002500193700002400218700002200242773003600264180718b2006 xxu||||| |||| 00| 0 eng d aSchumann, Paul L. aDesigning and introducing ethical dilemmas into computer-based business simulations c2006 ap.195-219. aFeb aEthics aManagement education aAnderson, Philip H. aScott, Timothy W. aJournal of Management Education